Geography Quiz

Random Geography or State Quiz
Score 0/12 Timer 03:00
5 Plays Today
% Correct
Golden Gate Bridge
California
98.8%
Statue of Liberty
New York
95.7%
Space Needle
Washington
91%
Portland Head Light
Maine
88.5%
Horseshoe Bend
Arizona
85.6%
Pentagon
Virginia
84.9%
Gateway Arch
Missouri
84.5%
Old Faithful Geyser
Wyoming
83.3%
Mount Rushmore
South Dakota
82.3%
Kennedy Space Center
Florida
80.6%
Indianapolis Motor Speedway
Indiana
72.5%
Independence Hall
Pennsylvania
70.9%
Remove Ads.
Support Sporcle.
Get the best of Sporcle when you Go Orange. This ad-free experience offers more features, more stats, and more fun while also helping to support Sporcle. Thank you for becoming a member.

You're not logged in!

Compare scores with friends on all Sporcle quizzes.
OR
Log In

Show Comments

Extras

Top Quizzes Today


Score Distribution

Your Account Isn't Verified!

In order to create a playlist on Sporcle, you need to verify the email address you used during registration. Go to your Sporcle Settings to finish the process.

Report this User

Report this user for behavior that violates our Community Guidelines.

Details: